000 00522nam a22001937a 4500
003 KOHA_MİRAKIL
005 20251107131957.0
008 251107b tu ||||| |||| 00| 0 tur d
020 _a9786257231077
040 _aTR-AnABB
_btur
_cTR-AnABB
041 _atur
082 _a813.42
_bOKE 2021
100 1 _aÖke, Mim Kemal,
245 1 0 _aEngel /
_cMim Kemal Öke
260 _aİstanbul :
_bTurkuvaz Yayınları,
_c2021
300 _a159 sayfa ;
_c21 cm
650 0 4 _aTürk edebiyatı, roman
942 _2ddc
_cBK
999 _c9295
_d9295
900 _bGizem YORULMAZ